| 000 | 01215cam a2200325 a 4500 | ||
|---|---|---|---|
| 001 | 27789 | ||
| 003 | Mx-PuUPA | ||
| 005 | 20250318092301.0 | ||
| 008 | 140415s2007 mx gr 000 0 spa d | ||
| 020 | _a9789682315510 | ||
| 040 |
_cMx-PuUPA _aMx-PuUPA _bspa _dMx-PuUPA _erda |
||
| 041 | 0 | _aspa | |
| 100 | 1 |
_aZemelman, Hugo, _d1931-2013 _916685 _eautor |
|
| 245 | 1 | 6 |
_aDe la historia a la política : _bla experiencia de América Latina / _cpor Hugo Zemelman |
| 250 | _aCuarta edición | ||
| 264 | 1 |
_aMéxico, D.F. _bUniversidad de las Naciones Unidad : Siglo Veintiuno Editores, _c2007 |
|
| 300 |
_a195 páginas ; _c21 cm |
||
| 336 |
_2rdacontent _atexto _btxt |
||
| 337 |
_2rdamedia _asin medio _bn |
||
| 338 |
_2rdacarrier _avolumen _bnc |
||
| 490 | 0 | _aBiblioteca América Latina : actualidad y perspectivas | |
| 650 | 7 |
_913986 _2armarc _aCiencias políticas _zAmérica Latina |
|
| 650 | 7 |
_2armarc _aCiencias sociales _xHistoria |
|
| 651 | 4 |
_aAmérica Latina _xHistoria _xFilosofía |
|
| 651 | 4 |
_aamérica Latina _xHistoriografía |
|
| 942 |
_2ddc _cLI _h320.098 _iZ53 |
||
| 999 |
_c27789 _d27789 |
||